01257 a2200157 45000010006000000050017000060080041000230030015000640400040000790800095001192450046002142640051002603000019003115050744003301000025010744854120260407155749.0260407a1967 arg spa dAR-UNSa-BCEJYS aAR-UNSa-BCEJYSbspacAR-UNSa-BCEJYS a330.8xHistoria de las teorías, Doctrinas, Dogmas económicos (pensamiento económico)10aIntroducción a la dinámica keynesiana 1aMéxico :bFondo de Cultura Económicac1967 a225 p.c21 cm. a1. Metodología macroeconómica. Introducción - PARTE I: Relaciones funcionales básicas: 2. La función del consumo - 3. La función de la inversión - 4. La función de la liquidez - 5. La función de ajuste del ahorro y la inversión - PARTE II: Conducta dinámica del ingreso: 6. El multiplicador y las fluctuaciones del ingreso - 7. La estabilidad dinámica del equilibrio - 8. LA dinámica de la inflación - 9. El ingreso, la ocupación y el equilibrio internacional - 10. Flexibilidad de precios y ocupación plena automática - PARTE III: Dinámica económica secular: 11. Teoremas macroeconómicos seculares - 12. Acumulación de capital y equilibrio - 13. Crecimiento nacional y desarrollo internacional. 1 aKurihara, Kenneth k.